<?xml version="1.0" encoding="UTF-8"?>
<record
    xmlns:xsi="http://www.w3.org/2001/XMLSchema-instance"
    xsi:schemaLocation="http://www.loc.gov/MARC21/slim http://www.loc.gov/standards/marcxml/schema/MARC21slim.xsd"
    xmlns="http://www.loc.gov/MARC21/slim">

  <leader>02954nam a2200313 i 4500</leader>
  <controlfield tag="003">DO-SdBNP</controlfield>
  <controlfield tag="005">20260529122101.0</controlfield>
  <controlfield tag="007">ta</controlfield>
  <controlfield tag="008">260528e2025    dr ao||gr|||||||| |bspa d</controlfield>
  <datafield tag="020" ind1=" " ind2=" ">
    <subfield code="a">9789945518665.</subfield>
  </datafield>
  <datafield tag="040" ind1=" " ind2=" ">
    <subfield code="a">DO-SdBNP</subfield>
    <subfield code="b">spa</subfield>
    <subfield code="c">BNPHU</subfield>
    <subfield code="e">rda</subfield>
  </datafield>
  <datafield tag="041" ind1=" " ind2=" ">
    <subfield code="a">spa</subfield>
  </datafield>
  <datafield tag="082" ind1=" " ind2=" ">
    <subfield code="b">D542r 2025</subfield>
    <subfield code="2">22</subfield>
  </datafield>
  <datafield tag="100" ind1=" " ind2=" ">
    <subfield code="a">D&#xED;az, Carmen</subfield>
    <subfield code="9">89784</subfield>
    <subfield code="e">autor</subfield>
  </datafield>
  <datafield tag="245" ind1="1" ind2=" ">
    <subfield code="a">La relaci&#xF3;n m&#xE9;dico paciente y la inteligencia artificial / </subfield>
    <subfield code="c">Carmen D&#xED;az.</subfield>
  </datafield>
  <datafield tag="264" ind1=" " ind2=" ">
    <subfield code="a">Santo Domingo, Rep&#xFA;blica Dominicana :</subfield>
    <subfield code="b">Escuela de Autores.</subfield>
    <subfield code="b">Publicaciones de Libertad,</subfield>
    <subfield code="c">2025.</subfield>
  </datafield>
  <datafield tag="300" ind1=" " ind2=" ">
    <subfield code="a">118 p&#xE1;ginas : </subfield>
    <subfield code="b">ilustraciones, fotograf&#xED;as ;</subfield>
    <subfield code="c">21 cm.</subfield>
  </datafield>
  <datafield tag="336" ind1=" " ind2=" ">
    <subfield code="a">texto</subfield>
    <subfield code="b">txt</subfield>
    <subfield code="2">rdacontent</subfield>
  </datafield>
  <datafield tag="337" ind1=" " ind2=" ">
    <subfield code="a">sin mediaci&#xF3;n </subfield>
    <subfield code="b">n</subfield>
    <subfield code="2">rdamedia</subfield>
  </datafield>
  <datafield tag="338" ind1=" " ind2=" ">
    <subfield code="a">volumen</subfield>
    <subfield code="b">nc</subfield>
    <subfield code="2">rdacarrier</subfield>
  </datafield>
  <datafield tag="500" ind1=" " ind2=" ">
    <subfield code="a">Incluye biograf&#xED;a de la autora en la parte posterior de la cubierta. </subfield>
  </datafield>
  <datafield tag="520" ind1=" " ind2=" ">
    <subfield code="a">Esta obra propone una reflexi&#xF3;n &#xE9;tica y humanista sobre el futuro de la medicina en una &#xE9;poca donde el algoritmo comienzan a ocupar espacios antes reservados al coraz&#xF3;n humano. La interacci&#xF3;n entre las personas tiene un valor &#xFA;nico. La empat&#xED;a o la generosidad son sentimientos que la inteligencia artificial a&#xFA;n no puede replicar. Sin embargo, la IA puede convertirse en una herramienta que potencie esas conexiones, ayudando a mantener relaciones a distancia, facilitando el acceso a la informaci&#xF3;n o incluso brindando apoyo emocional en ciertos contextos. La empat&#xED;a m&#xE9;dica es un pilar fundamental en la construcci&#xF3;n social de la relaci&#xF3;n m&#xE9;dico-paciente y, por tanto, no puede ponerse en riesgo. Las creencias y percepciones de los pacientes sobre la
empat&#xED;a m&#xE9;dica, as&#xED; como las actitudes emp&#xE1;ticas de los m&#xE9;dicos hacia sus pacientes, est&#xE1;n influenciadas
por factores socioculturales que modelan sus expectativas. Aunque estas var&#xED;an seg&#xFA;n cada cultura, las personas que buscan atenci&#xF3;n sanitaria valoran profundamente la empat&#xED;a del personal de salud. La inteligencia artificial puede ser un complemento que enriquezca la conexi&#xF3;n humana, pero no reemplaza la calidez, la empat&#xED;a, la comprensi&#xF3;n ni el amor que s&#xF3;lo las personas pueden ofrecer. El pionero de la IA, Geoffrey Hinton, estim&#xF3; que
existe un riesgo del 10 % al 20 % de que la inteligencia artificial tome el control de los humanos. &#xAB;La gente a&#xFA;n no lo ha entendido; no ha comprendido lo que viene&#xBB;, advirti&#xF3; el 26 de abril de 2025 durante el Congreso Mundial de Inteligencia Artificial en Antiope. Estas reflexiones expertas invitan a la humanidad a prepararse para los desaf&#xED;os que traer&#xE1; esta tecnolog&#xED;a. De ah&#xED; la necesidad imperiosa de adquirir nuevos conocimientos en materia de inteligencia artificial, comprendiendo tanto sus beneficios como sus riesgos.</subfield>
  </datafield>
  <datafield tag="590" ind1=" " ind2=" ">
    <subfield code="a">Inventariado, 2026/WG.</subfield>
  </datafield>
  <datafield tag="650" ind1=" " ind2="0">
    <subfield code="a">Medicina</subfield>
    <subfield code="9">12481</subfield>
  </datafield>
  <datafield tag="650" ind1=" " ind2="0">
    <subfield code="a">Ciencias m&#xE9;dicas</subfield>
    <subfield code="x">Investigaciones</subfield>
    <subfield code="9">10505</subfield>
  </datafield>
  <datafield tag="650" ind1=" " ind2="0">
    <subfield code="a">Pruebas m&#xE9;dicas</subfield>
    <subfield code="9">89802</subfield>
  </datafield>
  <datafield tag="650" ind1=" " ind2="0">
    <subfield code="a">Inteligencia artificial</subfield>
    <subfield code="9">6152</subfield>
  </datafield>
  <datafield tag="942" ind1=" " ind2=" ">
    <subfield code="2">ddc</subfield>
    <subfield code="c">LBS1</subfield>
  </datafield>
  <datafield tag="952" ind1=" " ind2=" ">
    <subfield code="0">0</subfield>
    <subfield code="1">0</subfield>
    <subfield code="2">ddc</subfield>
    <subfield code="5">1</subfield>
    <subfield code="7">0</subfield>
    <subfield code="8">PD</subfield>
    <subfield code="a">BNPHU</subfield>
    <subfield code="b">BNPHU</subfield>
    <subfield code="c">CT</subfield>
    <subfield code="d">2026-05-28</subfield>
    <subfield code="l">0</subfield>
    <subfield code="o">D542r 2025</subfield>
    <subfield code="p">2026-4647</subfield>
    <subfield code="r">2026-05-28</subfield>
    <subfield code="w">2026-05-28</subfield>
    <subfield code="y">LBS1</subfield>
  </datafield>
  <datafield tag="952" ind1=" " ind2=" ">
    <subfield code="0">0</subfield>
    <subfield code="1">0</subfield>
    <subfield code="2">ddc</subfield>
    <subfield code="5">1</subfield>
    <subfield code="7">0</subfield>
    <subfield code="8">PD</subfield>
    <subfield code="a">BNPHU</subfield>
    <subfield code="b">BNPHU</subfield>
    <subfield code="c">CT</subfield>
    <subfield code="d">2026-05-28</subfield>
    <subfield code="l">0</subfield>
    <subfield code="o">D542r 2025</subfield>
    <subfield code="p">2026-4648</subfield>
    <subfield code="r">2026-05-28</subfield>
    <subfield code="t">e.2</subfield>
    <subfield code="w">2026-05-28</subfield>
    <subfield code="y">LBS1</subfield>
  </datafield>
  <datafield tag="952" ind1=" " ind2=" ">
    <subfield code="0">0</subfield>
    <subfield code="1">0</subfield>
    <subfield code="2">ddc</subfield>
    <subfield code="5">1</subfield>
    <subfield code="7">0</subfield>
    <subfield code="8">PD</subfield>
    <subfield code="a">BNPHU</subfield>
    <subfield code="b">BNPHU</subfield>
    <subfield code="c">CT</subfield>
    <subfield code="d">2026-05-28</subfield>
    <subfield code="l">0</subfield>
    <subfield code="o">D542r 2025</subfield>
    <subfield code="p">2026-4649</subfield>
    <subfield code="r">2026-05-28</subfield>
    <subfield code="t">e.3</subfield>
    <subfield code="w">2026-05-28</subfield>
    <subfield code="y">LBS1</subfield>
  </datafield>
  <datafield tag="999" ind1=" " ind2=" ">
    <subfield code="c">60835</subfield>
    <subfield code="d">60835</subfield>
  </datafield>
</record>
